Biathlon women world cup winners - Statistics

General Stats
  • This quiz has been taken 78 times
  • The average score is 18 of 44
Answer Stats
season nationality biathlete % Correct
2018-19 Italy Dorothea Wierer
93%
2019-20 Italy Dorothea Wierer
93%
2023-24 Italy Lisa Vittozzi
91%
2024-25 Germany Franziska Preuß
90%
2022-23 France Julia Simon
88%
2010-11 Finland Kaisa Mäkäräinen
75%
2013-14 Finland Kaisa Mäkäräinen
75%
2017-18 Finland Kaisa Mäkäräinen
75%
2016-17 Germany Laura Dahlmeier
74%
2020-21 Norway Tiril Eckhoff
71%
2021-22 Norway Marte Olsbu Røiseland
70%
2007-08 Germany Magdalena Neuner
58%
2011-12 Germany Magdalena Neuner
58%
2014-15 Belarus Darya Domracheva
57%
2009-10 Germany Magdalena Neuner
57%
2015-16 Czechia Gabriela Soukalová
52%
2012-13 Norway Tora Berger
52%
2013-14 Norway Tora Berger
52%
1996-97 Sweden Magdalena Forsberg
51%
1997-98 Sweden Magdalena Forsberg
51%
1998-99 Sweden Magdalena Forsberg
51%
1999-2000 Sweden Magdalena Forsberg
51%
2000-01 Sweden Magdalena Forsberg
51%
2001-02 Sweden Magdalena Forsberg
51%
2006-07 Germany Andrea Henkel
35%
2005-06 Germany Kati Wilhelm
32%
2003-04 Norway Liv Grete Poirée
20%
2008-09 Sweden Helena Jonsson
19%
2004-05 France Sandrine Bailly
19%
2002-03 Germany Martina Glagow
12%
1990-91 Soviet Union Svetlana Davidova
10%
1995-96 France Emmanuelle Claret
6%
1985-86 Sweden Eva Korpela
6%
1986-87 Sweden Eva Korpela
6%
1994-95 France Anne Briand
4%
1991-92 C.I.S. Anfisa Retsova
3%
1992-93 Russia Anfisa Retsova
3%
1987-88 Norway Anne Elvebakk
3%
1989-90 Czechoslovakia Jiřina Adamičková
3%
1988-89 Soviet Union Elena Golovina
1%
1982-83 Norway Gry Østvik
1%
1984-84 Norway Mette Mestad
1%
1984-85 Norway Sanna Grønlid
1%
1993-94 Belarus Svetlana Paramygina
1%
No matching quizzes found
Score Distribution
Percent of People with Each Score
Percentile by Number Answered
Your Score History
You have not taken this quiz